000 00619nam a22002297a 4500
003 UA-OsUOA
001 55285
007 ta
008 20080908b un ||||| |||| 00| 0 ukr d
090 _a82-94
_bЦ28
942 _cBK
040 _aUA-OsUOA
_bukr
_cUA-OsUOA
_dUA-OsUOA
245 _aЦвіт стиглого коріння
_cЗа ред. Реверчука С. К.
300 _a213 с.
955 _a2
041 _aukr
080 _a82-94
020 _a966-8148-26-6
260 _aК.
_bЗнання
_c2004
650 7 _a82 Література. Літературознавство
_2UDC
999 _c341367
_d341367